000 00345nam a22000977a 4500
005 20250901165541.0
008 210625b |||||||| |||| 00| 0 eng d
050 _aP93.5 .D86 1999
245 _aThe storyboard approach
_bAdvanced techniques for preparing effective visual presentations
_cDunand, Marcel
942 _2lcc
_hP93.5 .D86 1999
999 _c5711
_d5711